| Tag |
First Indicator |
Second Indicator |
Subfields |
| LEADER |
00000cam a2200000Ma 4500 |
| 001 |
in00004637745 |
| 006 |
m o d |
| 007 |
cr cn||||||||| |
| 008 |
961003s1997 gw ad ob 001 0 eng d |
| 005 |
20230110223943.3 |
| 035 |
|
|
|a (OCoLC)ocn811373422
|
| 040 |
|
|
|a E7B
|b eng
|e pn
|c E7B
|d OCLCO
|d N$T
|d OCLCF
|d KNOVL
|d ZCU
|d OCLCQ
|d DEBSZ
|d CEF
|d OCLCQ
|d STF
|d AU@
|d WYU
|d OCLCQ
|d OCLCO
|d UAB
|d OCLCO
|
| 019 |
|
|
|a 1050110129
|a 1058187828
|a 1066443522
|a 1097091726
|a 1145354832
|
| 020 |
|
|
|a 9783110807356
|q (electronic bk.)
|
| 020 |
|
|
|a 3110807351
|q (electronic bk.)
|
| 020 |
|
|
|a 9781680152142
|q (electronic bk.)
|
| 020 |
|
|
|a 1680152149
|q (electronic bk.)
|
| 020 |
|
|
|z 3110143909
|q (alk. paper)
|
| 020 |
|
|
|z 9783110143904
|
| 035 |
|
|
|a (OCoLC)811373422
|z (OCoLC)1050110129
|z (OCoLC)1058187828
|z (OCoLC)1066443522
|z (OCoLC)1097091726
|z (OCoLC)1145354832
|
| 041 |
1 |
|
|a eng
|h rus
|
| 050 |
|
4 |
|a QC766.M36
|b B58 1997eb
|
| 072 |
|
7 |
|a SCI
|x 024000
|2 bisacsh
|
| 072 |
|
7 |
|a SCI
|x 041000
|2 bisacsh
|
| 072 |
|
7 |
|a SCI
|x 055000
|2 bisacsh
|
| 082 |
0 |
4 |
|a 530.4/2
|2 21
|
| 049 |
|
|
|a TXAM
|
| 100 |
1 |
|
|a Blūms, Elmārs.
|
| 240 |
1 |
0 |
|a Magnitnye zhidkosti.
|l English
|
| 245 |
1 |
0 |
|a Magnetic fluids /
|c E. Blums, A. Cebers, M.M. Maiorov.
|
| 260 |
|
|
|a Berlin ;
|a New York :
|b Walter de Gruyter,
|c 1997.
|
| 300 |
|
|
|a 1 online resource (xii, 416 pages) :
|b illustrations
|
| 336 |
|
|
|a text
|b txt
|2 rdacontent
|
| 337 |
|
|
|a computer
|b c
|2 rdamedia
|
| 338 |
|
|
|a online resource
|b cr
|2 rdacarrier
|
| 504 |
|
|
|a Includes bibliographical references (pages 379-412) and index.
|
| 650 |
|
0 |
|a Magnetic fluids.
|
| 650 |
|
0 |
|a Ferromagnetism.
|
| 650 |
|
0 |
|a Hydrodynamics.
|
| 650 |
|
6 |
|a Ferrofluides.
|
| 650 |
|
6 |
|a Ferromagnétisme.
|
| 650 |
|
6 |
|a Hydrodynamique.
|
| 650 |
|
7 |
|a SCIENCE
|x Energy.
|2 bisacsh
|
| 650 |
|
7 |
|a SCIENCE
|x Mechanics
|x General.
|2 bisacsh
|
| 650 |
|
7 |
|a SCIENCE
|x Physics
|x General.
|2 bisacsh
|
| 650 |
|
7 |
|a Ferromagnetism.
|2 fast
|0 (OCoLC)fst00923121
|
| 650 |
|
7 |
|a Hydrodynamics.
|2 fast
|0 (OCoLC)fst00964901
|
| 650 |
|
7 |
|a Magnetic fluids.
|2 fast
|0 (OCoLC)fst01005710
|
| 655 |
|
7 |
|a Electronic books.
|2 local
|
| 655 |
|
0 |
|a Electronic book
|
| 700 |
1 |
|
|a T︠S︡ebers, A. O.
|q (Andreĭ Osvalʹdovich),
|d 1947-
|
| 700 |
1 |
|
|a Maĭorov, M. M.
|q (Mikhail Mikhaĭlovich)
|
| 710 |
2 |
|
|a Knovel (Firm)
|
| 776 |
0 |
8 |
|i Print version:
|a Blūms, Elmārs.
|s Magnitnye zhidkosti. English.
|t Magnetic fluids.
|d Berlin ; New York : Walter de Gruyter, 1997
|w (DLC) 96047046
|
| 856 |
4 |
0 |
|u http://proxy.library.tamu.edu/login?url=https://app.knovel.com/hotlink/toc/id:kpMF000019/magnetic-fluids?kpromoter=marc
|z Connect to the full text of this electronic book
|t 0
|
| 955 |
|
|
|a Knovel ebooks
|
| 994 |
|
|
|a 92
|b TXA
|
| 999 |
f |
f |
|s 2fd925fe-080e-4301-b4c5-0369e81bc2d8
|i 6ed56767-eef1-49dc-ab74-c9ffeee0024a
|t 0
|
| 952 |
f |
f |
|a Texas A&M University
|b College Station
|c Electronic Resources
|d Available Online
|t 0
|e QC766.M36 B58 1997eb
|h Library of Congress classification
|
| 998 |
f |
f |
|a QC766.M36 B58 1997eb
|t 0
|l Available Online
|